000 00402nam a22001457a 4500
999 _c11974
_d11974
008 210908b 2020 ||||| |||| 00| 0 eng d
020 _a9781856099189
082 _a623.8245
_bOCI
110 _aOCIMF
245 _aISGOTT : International safety guide for oil tankers and terminals
250 _a6th ed.
260 _aUK
_bWitherby Publishing Group Ltd.
_c2020
300 _axli,424p.
942 _cBK